000 00186 a2200097 4500
020 _a9781740214124
041 _aeng
100 _aParish, Steve
245 _aTasmanian Devil
942 _cBK
999 _c31970
_d31968